Quizzes
Events
Quiz Creation
Community
Videos
Private Events
Remove Ads
Sign In
Join for FREE
Feedback
Dark Mode
Quiz Categories
Sports
Geography
Music
Movies
Television
Just For Fun
Miscellaneous
History
Literature
Language
Science
Gaming
Entertainment
Religion
Holiday
For Kids
Quiz Lab
Recent
Popular Today
Quiz Kudos Today
Editor Picks
Curator Picks
Quizzes by...
Day
Popularity
Type
Ratings
Length
Year
Community
Subscriptions
Recent Discussions
Orange Saloon
Badges
Playlists
Quests
Create
Leaderboards
Showdown
Live 5
Trivia Bingo
Activity
Puzzle Library
Sporcle Events
Private Events
Virtual Trivia
Globe League
Become a Host
Pub Owners
SporcleCon
Opinionation
Our Games
Videos
Blog
Mobile Apps
Partnerships
Remove Ads and Go Orange
Feedback
Sports
Athletes
MLB
NBA
NHL
NFL
Soccer
Sports Teams
WWE
NCAA
Football
Premier League
Basketball
Baseball
Hockey
Golf
Tennis
Cricket
Rugby
Auto Racing
Olympics
World Cup
Sports
Athletes
MLB
NBA
NHL
NFL
Soccer
Sports Teams
WWE
NCAA
Football
Premier League
Basketball
Baseball
Hockey
Golf
Tennis
Cricket
Rugby
Auto Racing
Olympics
World Cup
Random Quiz
Search Sporcle
×
Quiz Lab
Quiz Lab
Sports
1970s
Type in answers that appear in a list
Type in answers that appear in a list
Classic
Best Score? Go Orange.
Opening Day Lineups 1971-1990: Yankees Stats
Can you name the New York Yankees Opening Day Lineups from 1971 to 1990: ?
By
lineupquizzes
14m
198 Questions
8,481 Plays
8,481 Plays
8,481 Plays
Comments
Comments
Give Quiz Kudos
Give Quiz Kudos
-
- Ratings
hide this ad
Replay
Link that replays current quiz
Next Quiz
Link to next quiz in quiz playlist
You Got
0%
They Got
Avg Score
73%
Avg Friend Score
Upgrade to see
Score Distribution
Jump to the score distribution portion of the page
Score
0/198
Timer
14:00
0
Plays Today
Year
Player
% Correct
1971
Thurman Munson
98.2%
1972
Thurman Munson
98.2%
1973
Thurman Munson
98.2%
1974
Thurman Munson
98.2%
1975
Thurman Munson
98.2%
1976
Thurman Munson
98.2%
1977
Thurman Munson
98.2%
1978
Thurman Munson
98.2%
1979
Thurman Munson
98.2%
1977
Reggie Jackson
97.4%
1978
Reggie Jackson
97.4%
1980
Reggie Jackson
97.4%
1976
Willie Randolph
96.4%
1977
Willie Randolph
96.4%
1978
Willie Randolph
96.4%
1979
Willie Randolph
96.4%
1980
Willie Randolph
96.4%
1981
Willie Randolph
96.4%
1982
Willie Randolph
96.4%
1983
Willie Randolph
96.4%
1984
Willie Randolph
96.4%
1985
Willie Randolph
96.4%
1986
Willie Randolph
96.4%
1987
Willie Randolph
96.4%
1988
Willie Randolph
96.4%
1985
Don Mattingly
96.1%
1986
Don Mattingly
96.1%
1987
Don Mattingly
96.1%
1988
Don Mattingly
96.1%
1990
Don Mattingly
96.1%
1973
Graig Nettles
95.8%
1974
Graig Nettles
95.8%
1975
Graig Nettles
95.8%
1976
Graig Nettles
95.8%
1977
Graig Nettles
95.8%
1978
Graig Nettles
95.8%
1979
Graig Nettles
95.8%
1980
Graig Nettles
95.8%
1981
Graig Nettles
95.8%
1982
Graig Nettles
95.8%
1983
Graig Nettles
95.8%
1978
Ron Guidry
95.5%
1979
Ron Guidry
95.5%
1980
Ron Guidry
95.5%
1982
Ron Guidry
95.5%
1983
Ron Guidry
95.5%
1984
Ron Guidry
95.5%
1986
Ron Guidry
95.5%
1981
Dave Winfield
93.5%
1982
Dave Winfield
93.5%
1983
Dave Winfield
93.5%
1984
Dave Winfield
93.5%
1985
Dave Winfield
93.5%
1986
Dave Winfield
93.5%
1987
Dave Winfield
93.5%
1988
Dave Winfield
93.5%
1990
Dave Winfield
93.5%
1975
Chris Chambliss
92.2%
1976
Chris Chambliss
92.2%
1977
Chris Chambliss
92.2%
1978
Chris Chambliss
92.2%
1979
Chris Chambliss
92.2%
1977
Bucky Dent
91.5%
1978
Bucky Dent
91.5%
1979
Bucky Dent
91.5%
1980
Bucky Dent
91.5%
Year
Player
% Correct
1981
Bucky Dent
91.5%
1982
Bucky Dent
91.5%
1986
Rickey Henderson
88.7%
1987
Rickey Henderson
88.7%
1988
Rickey Henderson
88.7%
1989
Rickey Henderson
88.7%
1976
Mickey Rivers
88.2%
1977
Mickey Rivers
88.2%
1978
Mickey Rivers
88.2%
1979
Mickey Rivers
88.2%
1971
Roy White
88.1%
1972
Roy White
88.1%
1973
Roy White
88.1%
1974
Roy White
88.1%
1976
Roy White
88.1%
1977
Roy White
88.1%
1979
Roy White
88.1%
1989
Tommy John
88%
1971
Bobby Murcer
87.7%
1972
Bobby Murcer
87.7%
1973
Bobby Murcer
87.7%
1974
Bobby Murcer
87.7%
1976
Jim 'Catfish' Hunter
85.2%
1977
Jim 'Catfish' Hunter
85.2%
1981
Tommy John
84.3%
1975
Lou Piniella
82.5%
1978
Lou Piniella
82.5%
1980
Lou Piniella
82.5%
1981
Lou Piniella
82.5%
1989
Steve Sax
81.2%
1990
Steve Sax
81.2%
1980
Rick Cerone
80.9%
1981
Rick Cerone
80.9%
1982
Rick Cerone
80.9%
1984
Rick Cerone
80.9%
1978
Cliff Johnson
80.7%
1979
Cliff Johnson
80.7%
1983
Don Baylor
74.8%
1984
Don Baylor
74.8%
1985
Don Baylor
74.8%
1985
Mike Pagliarulo
74.2%
1987
Mike Pagliarulo
74.2%
1988
Mike Pagliarulo
74.2%
1989
Mike Pagliarulo
74.2%
1972
Mel Stottlemyre
73.5%
1973
Mel Stottlemyre
73.5%
1974
Mel Stottlemyre
73.5%
1975
Bobby Bonds
69.9%
1976
Oscar Gamble
69.3%
1988
Roberto Kelly
68.2%
1989
Roberto Kelly
68.2%
1990
Roberto Kelly
68.2%
1982
Ken Griffey
68.2%
1983
Ken Griffey
68.2%
1984
Ken Griffey
68.2%
1985
Ken Griffey
68.2%
1972
Ron Blomberg
68%
1973
Ron Blomberg
68%
1974
Ron Blomberg
68%
1975
Ron Blomberg
68%
1980
Ruppert Jones
65.9%
1983
Butch Wynegar
65.5%
1985
Butch Wynegar
65.5%
1986
Butch Wynegar
65.5%
1971
Horace Clarke
65.3%
1973
Horace Clarke
65.3%
Year
Player
% Correct
1980
Bob Watson
64.6%
1981
Bob Watson
64.6%
1982
Bob Watson
64.6%
1990
Jesse Barfield
63.4%
1989
Steve Balboni
60.6%
1981
Jerry Mumphrey
60.1%
1982
Jerry Mumphrey
60.1%
1983
Jerry Mumphrey
60.1%
1971
Gene Michael
59.3%
1973
Gene Michael
59.3%
1974
Gene Michael
59.3%
1985
Phil Niekro
59%
1983
Roy Smalley
56.9%
1990
Mel Hall
56.2%
1983
Steve Kemp
55.5%
1984
Steve Kemp
55.5%
1989
Alvaro Espinoza
55.2%
1990
Alvaro Espinoza
55.2%
1985
Bobby Meacham
52.6%
1986
Bobby Meacham
52.6%
1984
Omar Moreno
52.6%
1985
Omar Moreno
52.6%
1973
Felipe Alou
52.2%
1973
Matty Alou
52.1%
1986
Dale Berra
48.5%
1975
Sandy Alomar
48%
1979
Paul Blair
47.2%
1987
Gary Ward
46.7%
1988
Gary Ward
46.7%
1989
Gary Ward
46.7%
1975
Doc Medich
46.6%
1987
Dan Pasqua
46.5%
1987
Dennis Rasmussen
45.7%
1988
Rick Rhoden
45.6%
1976
Rick Dempsey
45%
1974
Jim Mason
44.7%
1975
Jim Mason
44.7%
1976
Jim Mason
44.7%
1989
Don Slaught
44.3%
1971
Danny Cater
42.9%
1988
Rafael Santana
42.3%
1977
Jim Wynn
41.8%
1990
Bob Geren
41.4%
1987
Wayne Tolleson
41.3%
1971
Stan Bahnsen
41.3%
1987
Joel Skinner
40.9%
1988
Joel Skinner
40.9%
1984
Toby Harrah
39.8%
1990
Mike Blowers
39.5%
1990
Dave LaPoint
38.4%
1971
Jerry Kenney
38%
1972
Jerry Kenney
38%
1972
Bernie Allen
37.4%
1984
Tim Foli
35.2%
1980
Eric Soderholm
34.9%
1982
Dave Revering
31.7%
1986
Henry Cotto
30.2%
1972
Johnny Callison
29.9%
1986
Gary Roenicke
29.2%
1989
Tom Brookens
28.6%
1972
Rich McKinney
28.5%
1974
Mike Hegan
26.8%
1981
Dennis Werth
26.3%
1974
Bill Sudakis
26.2%
1971
Jim Lyttle
24.7%
1975
Ed Herrmann
24.3%
Quiz Playlist
Details
Report
Send in Message
Add To Playlist
Classic:
Type in answers that appear in a list
Quiz Source
Last Updated: Feb 16, 2017
Quiz Scoreboard
CHALLENGE
Sign Up to Join the Scoreboard
Show All
Scores
Hide
Comments
May contain spoilers
Recently Published
Movies - When Are They Set?
by FPL_Elf
Movies
5m
Popular People in 1961
by mucciniale
History
6m
1-10 Letter E Words III
by El_Dandy
Language
2m
More to Explore
Quiz From the Vault
Featured Blog Post
Where Did the Easter Bunny Come From?
hide this ad
You Might Also Like...
Tags
1970s
1980s
New York Yankees
Today's Top Quizzes in Sports
Browse Sports
hide this ad
Today's Top Quizzes in 1970s
Browse 1970s
Top Contributed Quizzes in Sports
1
Les meilleurs buteurs des matchs entre le PSG et l’OM
2
Les entraîneurs de l'OM et du PSG au 21e siècle
3
FIFA Club World Cup Champions
4
2022 World Cup Stars
5
Name the Premier League winners with different clubs
6
La finale Lions - Afrique du Sud 2021
7
Criteria MLB: Left Handed Sluggers
8
Players with Multiple 50 Home Run Seasons
9
MLB Players with Two .350 Batting Average Seasons
10
MLB Hall of Famer by Rings
Explore More
Trending Topics
Harry Potter
Crossword
Disney
Anime
Kpop
Marvel
NBA
NFL
Country
WWE
The Office
Soccer
Pokémon
Puzzle
Song
hide this ad
More By:
lineupquizzes
Quiz
Plays
Rating
Category
Featured
Created
Opening Day Lineups: Red Sox
161,242
4.46
Sports
Apr 23, 2010
Opening Day Lineups: Braves
146,437
4.52
Sports
Dec 17, 2009
Opening Day Lineups: Mets
121,869
4.53
Sports
Feb 3, 2010
Opening Day Lineups: Dodgers
93,301
4.34
Sports
Dec 17, 2009
Opening Day Lineups: Twins
81,930
4.51
Sports
May 4, 2010
Go to Creator's Profile
Score Distribution
Quiz Creator Spotlight
lineupquizzes
Follow
Send a Message
Quizzes Created
-
Created Quiz Play Count
-
More By This Creator
Popular Quizzes Today
1
Find the US States - No Outlines Minefield
2
Find the Countries of Europe - No Outlines Minefield
3
The Countries of the World
4
Popular People in 1961
5
1-10 Letter E Words III
6
US States
7
Find the US States
8
One Thing in Common: World Cities II
More Sports Quizzes
Athletes With Even-Numbered Jerseys
Editor's Pick
Trending Quizzes
Risky Map Clicking: Least Populous States A-Z
1-10 Letter F Words
1-10 Letter G Words
One Thing in Common: United Kingdom
Risky Map Clicking: Next State Alphabetically
Recently Updated
Leaping Animals
pecheneg
Reality TV Shows (A-Z)
bhenderson79
Rickey Henderson's Hall of Fame Teammates
pecheneg
Champions League XIs: Arsenal
pecheneg
Quick Pick: Celebrities in WWE's Hall of Fame
aduchscher
A-Z Keypad Blitz II
pecheneg
Multiple Oscar Actors
pecheneg
Mystery Phrase Blitz: Oscar 'Best Actors'
pecheneg
F. Scott Fitzgerald Novels
LTH
Pick 3 Villains
ddd62291
Trending Topics
NBA
Crossword
Anime
Harry Potter
Kpop
Disney
Marvel
Soccer
WWE
NFL
Country
Song
Pokémon
The Office
Puzzle
Your Account Isn't Verified!
In order to create a playlist on Sporcle, you need to verify the email address you used during registration. Go to your
Sporcle Settings
to finish the process.
Report this User
Report this user for behavior that violates our
Community Guidelines
.
Details:
Send Report
Go to the Sporcle.com Mobile Site →
Comments